02524njm a2200457Ia 450000100060000000300090000600500170001500800410003204000130007304000130008604100130009910000110011210000180012310000380014124500240017925000110020326000110021426000540022530000100027950001090028950501230039851100340052165000570055570001040061270000870071670000770080370001190088070000790099970000840107870000710116270001190123370000770135270000680142970001060149770000780160370000650168170000820174670000940182870000790192270000650200120425IT-RoPAU20220918181214.0131025s9999 xx 000 0 und d aIT-RoPAU cIT-RoPAU aITALIANO aAA.VV. eAutore musica gCodice autore musica SPICS: 12000 aDeus (Lp Cln 20257) a1a ed. aMILANO bCLANc1981 [1a Ed.:1981 - Ed. Lingua Orig.: 1981] aDISCO aCantautore. Problemi sociali: aborto, edilizia, ecologia. Rapporto mondo-Dio. Amore. Canzone per il rock aL'estate è già qua - Deus - Mi fanno ridere - Crazy movie - Quando - L'artigiano - Dove vai Jack? - L'ora del rock aDirettore: Pirazzoli Pinuccio aCANZONE ITALIAN [DISCHI]eCodice MATERIA SPICS: 9950 aCelentano AdrianogCodice autore testo/musica SPICS: 10821eAutore testo/musicapDeus - L'artigiano aStock L.gCodice autore musica SPICS: 23751eAutore musicapL'Estate è già qua aRose VincentgCodice autore SPICS: 15733eAutorepL'Estate è già qua aChiosso LeogCodice autore testo/musica SPICS: 13606eAutore testo/musica - Dove vai Jack?pL'Estate è già qua aPirazzoli PinucciogCodice autore musica SPICS: 24493eAutore musicapDeus aBlackwell R.gCodice autore musica SPICS: 24494eAutore musicapMi fanno ridere aMarascalco J.gCodice autore SPICS: 24584eAutorepMi fanno ridere aMinellono C.gCodice autore testo/musica SPICS: 14293eAutore testo/musicapMi fanno ridere - Crazy movie - Quando aCrudup A.gCodice autore musica SPICS: 24495eAutore musicapCrazy movie aMalbogCodice autore musica SPICS: 24496eAutore musicapQuando aDel Prete MikigCodice autore testo/musica SPICS: 13865eAutore testo/musicapQuando - L'ora del rock aCocker JoegCodice autore musica SPICS: 10157eAutore musicapL'artigiano aStainton C.gCodice autore SPICS: 24585eAutorepL'artigiano aMayfield P.gCodice autore musica SPICS: 24497eAutore musicapDove vai Jack? aChiosso LeogCodice autore testo/musica SPICS: 13606eAutore testo/musicapDove vai Jack? aHaley B.gCodice autore musica SPICS: 24498eAutore musicapL'ora del rock aBeretta gCodice autore SPICS: 22720eAutorepL'ora del rock